La Revolución Rusa (Record no. 148881)

MARC details
000 -LEADER
campo de control de longitud fija 00672nam a2200193 4500
001 - NÚMERO DE CONTROL
campo de control 148881
003 - IDENTIFICADOR DE NÚMERO DE CONTROL
campo de control ES-MaACL
005 - FECHA Y HORA DE LA ÚLTIMA TRANSACCIÓN
campo de control 20230906202844.0
007 - CAMPO FIJO DE DESCRIPCIÓN FÍSICA--INFORMACIÓN GENERAL
campo de control de longitud fija t|
008 - DATOS DE LONGITUD FIJA--INFORMACIÓN GENERAL
campo de control de longitud fija 070214s1970 sp r ||||1| spa d
100 1# - ENTRADA PRINCIPAL--NOMBRE DE PERSONA
Nombre de persona Sukhanof, Nicolai-Nicolaievitch.
9 (RLIN) 108744
245 13 - MENCIÓN DEL TÍTULO
Título La Revolución Rusa
Resto del título : (1917) /
Mención de responsabilidad, etc. Nicolás N. Sukhanof ; [versión... de Julio Gómez de la Serna].
250 ## - MENCION DE EDICION
Mención de edición [1ª ed.].
260 ## - PUBLICACIÓN, DISTRIBUCIÓN, ETC.
Lugar de publicación, distribución, etc. Barcelona :
Nombre del editor, distribuidor, etc. Caralt,
Fecha de publicación, distribución, etc. [1970] (
Lugar de fabricación/manufactura Tortosa :
Fabricante Cooperativa Gráf. Dertosense)
300 ## - DESCRIPCIÓN FÍSICA
Extensión 435 p., 8 lám. ;
Dimensiones 22 cm.
700 1# - ENTRADA AGREGADA--NOMBRE PERSONAL
Nombre de persona Gómez de la Serna, Julio,
Fechas asociadas al nombre 1895-1983
9 (RLIN) 57899
852 ## - LOCALIZACIÓN
Ubicación ES-MaACL
Número de control de estantería C-44226
Sublocalización o colección R.73471
Holdings
Estatus retirado Estado de pérdida Estado de daño No para préstamo Biblioteca de origen Biblioteca actual Ubicación en estantería Fecha de adquisición Fuente de adquisición Total de préstamos Signatura topográfica completa Código de barras Visto por última vez Precio de reemplazo Tipo de ítem Koha
        Biblioteca del Ateneo de Madrid Biblioteca del Ateneo de Madrid Depósito 2 17/01/2008     C-44226 1155364 23/02/2023 23/02/2023 Libro impreso